[Event "44th Chess Olympiad Women 2022"]
[Site "Chennai"]
[Date "2022.08.07"]
[Round "9.4"]
[White "Mammadzada, Gunay"]
[Black "Enkhtuul, Altan-Ulzii"]
[Result "1-0"]
[WhiteElo "2455"]
[BlackElo "2267"]
[Annotator "TA"]
[PlyCount "129"]
[EventDate "2022.07.29"]
[EventType "team-tourn"]
[EventCountry "IND"]
[SourceTitle "playchess.com"]
[Source "ChessBase"]
[SourceQuality "1"]
[WhiteTeam "Azerbaijan"]
[BlackTeam "Mongolia"]
[WhiteTeamCountry "AZE"]
[BlackTeamCountry "MGL"]

1. e4 d6 2. d4 Nf6 3. Nc3 g6 4. Be3 c6 5. Qd2 b5 6. Bd3 Ng4 7. Bg5 h6 8. Bh4 Qc7 9. f4 Bg7 10. Nf3 b4 11. Na4 c5 12. dxc5 dxc5 13. e5 c4 14. Be4 Bb7 15. Bxb7 Qxb7 16. O-O-O Nd7 17. h3 g5 18. Be1 c3 19. Qe2 Qc6 20. b3 Ngxe5 21. Nxe5 Bxe5 22. fxe5 Nb6 23. Qf3 Qc8 24. Qg4 Nxa4 25. Qxc8+ Rxc8 26. bxa4 Rc5 27. Bg3 Ra5 28. Kb1 Rxa4 29. Rhe1 O-O 30. e6 Ra6 31. exf7+ Rxf7 32. Rd8+ Kg7 33. Rb8 Rb6 34. Rxb6 axb6 35. a3 bxa3 36. Ka2 h5 37. Kxa3 h4 38. Be5+ Kg6 39. Re2 Rf5 40. Bxc3 Kf7 41. Bd4 b5 42. Kb4 Ke8 43. Bc5 Kd7 44. Kxb5 e6 45. c4 e5 46. Rf2 Rf4 47. Be3 Re4 48. Bxg5 Re1 49. Bxh4 Rb1+ 50. Kc5 Rd1 51. g4 Rd3 52. Rf7+ Ke8 53. Re7+ Kf8 54. Rxe5 Rxh3 55. Bf6 Rd3 56. g5 Kf7 57. Kc6 Rd1 58. c5 Rc1 59. Kc7 Rc2 60. c6 Rc1 61. Kb7 Rb1+ 62. Kc8 Rd1 63. c7 Rc1 64. Rb5 Rd1 65. Kb8 1-0

[Event "44th Chess Olympiad Women 2022"]
[Site "Chennai"]
[Date "2022.08.07"]
[Round "9.4"]
[White "Beydullayeva, Govhar"]
[Black "Munkhzul, Turmunkh"]
[Result "1/2-1/2"]
[WhiteElo "2390"]
[BlackElo "2277"]
[Annotator "TA"]
[PlyCount "85"]
[EventDate "2022.07.29"]
[EventType "team-tourn"]
[EventCountry "IND"]
[SourceTitle "playchess.com"]
[Source "ChessBase"]
[SourceQuality "1"]
[WhiteTeam "Azerbaijan"]
[BlackTeam "Mongolia"]
[WhiteTeamCountry "AZE"]
[BlackTeamCountry "MGL"]

1. d4 Nf6 2. c4 g6 3. Nc3 Bg7 4. e4 d6 5. h3 O-O 6. Be3 e5 7. d5 Na6 8. g4 Nd7 9. h4 Nf6 10. Be2 Nc5 11. Bf3 a5 12. h5 c6 13. dxc6 Ne6 14. cxb7 Bxb7 15. h6 Bh8 16. Nge2 Rc8 17. b3 Nd7 18. Qd2 Qf6 19. Bg2 Nf4 20. Bh3 Rcd8 21. O-O-O Nc5 22. Nxf4 exf4 23. Bd4 Qxd4 24. Qxd4 Bxd4 25. Rxd4 Ne6 26. Rd3 Nc5 27. Rd4 Ne6 28. Rd3 Nc5 29. Rd2 a4 30. b4 Nxe4 31. Nxe4 Bxe4 32. Re1 f5 33. gxf5 gxf5 34. Red1 Rf6 35. c5 Rxh6 36. Bf1 Rb8 37. cxd6 a3 38. Bc4+ Kf8 39. d7 Rd8 40. b5 Ke7 41. Re1 f3 42. Bd5 Rxd7 43. Bxe4 1/2-1/2

[Event "44th Chess Olympiad Women 2022"]
[Site "Chennai"]
[Date "2022.08.07"]
[Round "9.6"]
[White "Danielian, Elina"]
[Black "Bulmaga, Irina"]
[Result "0-1"]
[WhiteElo "2441"]
[BlackElo "2394"]
[Annotator "TA"]
[PlyCount "118"]
[EventDate "2022.07.29"]
[EventType "team-tourn"]
[EventCountry "IND"]
[SourceTitle "playchess.com"]
[Source "ChessBase"]
[SourceQuality "1"]
[WhiteTeam "Armenia"]
[BlackTeam "Romania"]
[WhiteTeamCountry "ARM"]
[BlackTeamCountry "ROU"]

1. d4 Nf6 2. Nf3 e6 3. g3 d5 4. Bg2 Be7 5. c4 dxc4 6. O-O O-O 7. Qc2 a6 8. a4 Bd7 9. Qxc4 Bc6 10. Bf4 Bd6 11. Qc1 a5 12. Nc3 Na6 13. Bg5 Be7 14. Bxf6 Bxf6 15. Rd1 Bxf3 16. Bxf3 c6 17. Ne4 Be7 18. Qc4 Rc8 19. Rac1 Rc7 20. e3 Rd7 21. Qb3 Qb8 22. Kg2 Rfd8 23. Be2 Nb4 24. h4 h6 25. Bf3 Na6 26. Nc3 Nb4 27. Qc4 Qa7 28. Ne4 Qa6 29. Qb3 Qa7 30. h5 Qb8 31. Nc3 Bg5 32. Be4 Nd5 33. Bb1 Bxe3 34. Nxd5 Bxc1 35. Nb6 Bg5 36. Nxd7 Rxd7 37. Qc2 Qd6 38. Qh7+ Kf8 39. d5 Qe5 40. d6 f5 41. Qh8+ Kf7 42. Qb8 Be7 43. Ba2 Bxd6 44. Qc8 Re7 45. Bb3 Qe4+ 46. Kh2 Qh4+ 47. Kg2 Qb4 48. Bc4 Qxc4 49. Rxd6 Qe4+ 50. Kg1 Qg4 51. Rd7 Qxh5 52. Qxb7 Qd1+ 53. Rxd1 Rxb7 54. Rd2 Rb4 55. Rc2 Rxa4 56. Rxc6 Rb4 57. Ra6 a4 58. Kg2 Kf6 59. Ra5 h5 0-1

[Event "44th Chess Olympiad Women 2022"]
[Site "Chennai"]
[Date "2022.08.07"]
[Round "9.7"]
[White "Matnadze, Ana"]
[Black "Aulia, Medina Warda"]
[Result "0-1"]
[WhiteElo "2406"]
[BlackElo "2374"]
[Annotator "TA"]
[PlyCount "102"]
[EventDate "2022.07.29"]
[EventType "team-tourn"]
[EventCountry "IND"]
[SourceTitle "playchess.com"]
[Source "ChessBase"]
[SourceQuality "1"]
[WhiteTeam "Spain"]
[BlackTeam "Indonesia"]
[WhiteTeamCountry "ESP"]
[BlackTeamCountry "INA"]

1. d4 e6 2. c4 Nf6 3. Nf3 d5 4. g3 dxc4 5. Bg2 Bb4+ 6. Bd2 c5 7. dxc5 Bxc5 8. Qa4+ Nbd7 9. Qxc4 b5 10. Qh4 Bb7 11. O-O O-O 12. a4 a6 13. Na3 Be7 14. Bb4 bxa4 15. Rfd1 Bxb4 16. Qxb4 Qb6 17. Qxa4 Nc5 18. Qh4 Nce4 19. g4 h6 20. Nc4 Qc5 21. Nce5 Rad8 22. Rdc1 Qb6 23. Nc4 Qa7 24. g5 Nxg5 25. Nxg5 Bxg2 26. Kxg2 Rd4 27. Qh3 hxg5 28. Ne3 Rh4 29. Qg3 Rf4 30. Rc4 Nh5 31. Qxg5 Rxc4 32. Nxc4 g6 33. Ra3 Qd4 34. Nd2 Nf4+ 35. Kf3 e5 36. Ne4 f5 37. Nc3 Qc4 38. Kg3 Qc6 39. e4 fxe4 40. Qxe5 Qd7 41. Qxf4 Qd3+ 42. Qe3 Rf3+ 43. Kg2 Rxe3 44. fxe3 Qd2+ 45. Kf1 Qc1+ 46. Nd1 Qxd1+ 47. Kf2 Qd2+ 48. Kg3 Qxb2 49. Rxa6 Qe5+ 50. Kg2 Qg5+ 51. Kf1 Qb5+ 0-1

[Event "44th Chess Olympiad Women 2022"]
[Site "Chennai"]
[Date "2022.08.07"]
[Round "9.8"]
[White "Cramling, Pia"]
[Black "Roebers, Eline"]
[Result "1-0"]
[WhiteElo "2459"]
[BlackElo "2344"]
[Annotator "TA"]
[PlyCount "73"]
[EventDate "2022.07.29"]
[EventType "team-tourn"]
[EventCountry "IND"]
[SourceTitle "playchess.com"]
[Source "ChessBase"]
[SourceQuality "1"]
[WhiteTeam "Sweden"]
[BlackTeam "Netherlands"]
[WhiteTeamCountry "SWE"]
[BlackTeamCountry "NED"]

1. d4 f5 2. g3 Nf6 3. Bg2 g6 4. Nf3 Bg7 5. O-O O-O 6. b3 d6 7. Bb2 Ne4 8. Nbd2 Nc6 9. Ne1 Ng5 10. f4 Nf7 11. Nc4 e6 12. e3 Rb8 13. a4 Ne7 14. Nd3 b6 15. Qe2 Bb7 16. Bxb7 Rxb7 17. Nd2 Rb8 18. Nf3 Re8 19. c4 c5 20. Rad1 Qc7 21. Rfe1 Nc6 22. Qc2 e5 23. d5 e4 24. Bxg7 Kxg7 25. dxc6 exf3 26. Nf2 Re6 27. e4 Rbe8 28. Qc3+ Kf8 29. exf5 Rxe1+ 30. Rxe1 Rxe1+ 31. Qxe1 gxf5 32. Qe6 Qe7 33. Qxe7+ Kxe7 34. Nd1 Ke6 35. Ne3 Nh6 36. Kf2 Ng8 37. Nd5 1-0

[Event "44th Chess Olympiad Women 2022"]
[Site "Chennai"]
[Date "2022.08.07"]
[Round "9.9"]
[White "Hagarova, Zuzana"]
[Black "Milliet, Sophie"]
[Result "1/2-1/2"]
[WhiteElo "2293"]
[BlackElo "2396"]
[Annotator "TA"]
[PlyCount "56"]
[EventDate "2022.07.29"]
[EventType "team-tourn"]
[EventCountry "IND"]
[SourceTitle "playchess.com"]
[Source "ChessBase"]
[SourceQuality "1"]
[WhiteTeam "Slovakia"]
[BlackTeam "France"]
[WhiteTeamCountry "SVK"]
[BlackTeamCountry "FRA"]

1. e4 e5 2. Nf3 Nc6 3. Bb5 a6 4. Ba4 Nf6 5. O-O b5 6. Bb3 Bc5 7. c3 d6 8. d3 h6 9. Be3 O-O 10. Nbd2 Rb8 11. h3 Bxe3 12. fxe3 Be6 13. Qe2 a5 14. d4 a4 15. Bc2 Bd7 16. a3 Qe7 17. Rae1 Na5 18. Qf2 Nc4 19. Rb1 Bc6 20. Rfe1 Rfe8 21. Nxc4 bxc4 22. Nd2 Bb5 23. Nf3 Rb6 24. Qg3 Nh5 25. Qg4 Nf6 26. Qg3 Nh5 27. Qg4 Nf6 28. Qg3 Nh5 1/2-1/2

[Event "44th Chess Olympiad Women 2022"]
[Site "Chennai"]
[Date "2022.08.07"]
[Round "9.9"]
[White "Borosova, Zuzana"]
[Black "Sebag, Marie"]
[Result "1-0"]
[WhiteElo "2277"]
[BlackElo "2447"]
[Annotator "TA"]
[PlyCount "115"]
[EventDate "2022.07.29"]
[EventType "team-tourn"]
[EventCountry "IND"]
[SourceTitle "playchess.com"]
[Source "ChessBase"]
[SourceQuality "1"]
[WhiteTeam "Slovakia"]
[BlackTeam "France"]
[WhiteTeamCountry "SVK"]
[BlackTeamCountry "FRA"]

1. e4 c5 2. Nf3 d6 3. d4 cxd4 4. Nxd4 Nf6 5. Nc3 a6 6. h3 e5 7. Nde2 h5 8. Bg5 Be6 9. Bxf6 Qxf6 10. Nd5 Qd8 11. Qd3 Nd7 12. O-O-O g6 13. Kb1 Nc5 14. Qa3 Bg7 15. h4 b5 16. Nec3 O-O 17. f3 Rb8 18. b4 a5 19. Nxb5 axb4 20. Qxb4 Na6 21. Qb3 Nc7 22. c4 Nxd5 23. cxd5 Bd7 24. Qb4 Qb6 25. a4 Ra8 26. Rd2 Rfc8 27. Rb2 Bf8 28. Bd3 Rc5 29. Rd1 Qa5 30. Qxa5 Rxa5 31. Rb4 f5 32. Kb2 Be7 33. Rh1 Kg7 34. Kb3 f4 35. Na3 Ra7 36. Bb5 Bc8 37. Rc4 Rxc4 38. Nxc4 Kh6 39. Kb4 Bd8 40. a5 Bc7 41. Rc1 Bb7 42. Ra1 g5 43. hxg5+ Kxg5 44. Rh1 h4 45. Rc1 Kf6 46. Rc2 Kg5 47. Ra2 Bc8 48. Ra4 h3 49. gxh3 Bxh3 50. Ra1 Kf6 51. Rg1 Ra8 52. Bc6 Ra7 53. Nb6 Kf7 54. Kb5 Bb8 55. a6 Re7 56. Bb7 Ba7 57. Rh1 Rc7 58. Bc6 1-0

[Event "44th Chess Olympiad Women 2022"]
[Site "Chennai"]
[Date "2022.08.07"]
[Round "9.10"]
[White "Pavlidou, Ekaterini"]
[Black "Yip, Carissa"]
[Result "0-1"]
[WhiteElo "2138"]
[BlackElo "2416"]
[Annotator "TA"]
[PlyCount "112"]
[EventDate "2022.07.29"]
[EventType "team-tourn"]
[EventCountry "IND"]
[SourceTitle "playchess.com"]
[Source "ChessBase"]
[SourceQuality "1"]
[WhiteTeam "Greece"]
[BlackTeam "United States"]
[WhiteTeamCountry "GRE"]
[BlackTeamCountry "USA"]

1. d4 Nf6 2. c4 g6 3. Nc3 Bg7 4. e4 d6 5. Bd3 O-O 6. Nge2 Nc6 7. O-O Nd7 8. Be3 e5 9. d5 Nd4 10. f3 f5 11. exf5 Nxf5 12. Bf2 Bh6 13. Kh1 Ne3 14. Bxe3 Bxe3 15. b4 Nf6 16. Ng3 Ne8 17. Qe1 Qg5 18. Nce4 Qh6 19. a4 a5 20. bxa5 Ra7 21. Ra2 Ng7 22. Rc2 Bf4 23. c5 Nf5 24. cxd6 cxd6 25. Rc7 Ra8 26. Kg1 Ne3 27. Rf2 Nxd5 28. Bc4 Be6 29. Rxb7 Be3 30. Nxd6 Rxa5 31. Rb5 Rxb5 32. axb5 Nc7 33. Qc3 Bd4 34. Qc2 Qe3 35. Bf1 Nd5 36. Nge4 Qe1 37. Qd2 Qxd2 38. Nxd2 Ra8 39. g3 Ra2 40. N6e4 Ne3 41. Kh1 Ra1 42. g4 Bc4 43. Nxc4 Nxc4 44. Ra2 Rxf1+ 45. Kg2 Ra1 46. Rxa1 Bxa1 47. g5 Bd4 48. h4 Kf7 49. Kg3 Na3 50. b6 Bxb6 51. f4 Nc4 52. fxe5 Bc7 53. h5 gxh5 54. Kh4 Kg6 55. e6 Bd8 56. Nf6 h6 0-1

[Event "44th Chess Olympiad Women 2022"]
[Site "Chennai"]
[Date "2022.08.07"]
[Round "9.13"]
[White "Narva, Mai"]
[Black "Karavade, Eesha"]
[Result "1/2-1/2"]
[WhiteElo "2385"]
[BlackElo "2339"]
[Annotator "TA"]
[PlyCount "74"]
[EventDate "2022.07.29"]
[EventType "team-tourn"]
[EventCountry "IND"]
[SourceTitle "playchess.com"]
[Source "ChessBase"]
[SourceQuality "1"]
[WhiteTeam "Estonia"]
[BlackTeam "India"]
[WhiteTeamCountry "EST"]
[BlackTeamCountry "IND"]

1. e4 e5 2. Nf3 Nc6 3. Nc3 Nf6 4. Bb5 Nd4 5. Bc4 Bc5 6. d3 d6 7. Nxd4 Bxd4 8. Qf3 h6 9. Qg3 Nh5 10. Qf3 Nf6 11. h3 Be6 12. Ne2 Bb6 13. Bd2 Qd7 14. Ng3 d5 15. Bb3 a5 16. exd5 Bxd5 17. Bxd5 Qxd5 18. Ne4 Nxe4 19. dxe4 Qc4 20. Bc3 Bd4 21. Bxd4 Qxd4 22. c3 Qc4 23. Qe2 Qxe2+ 24. Kxe2 O-O-O 25. Rad1 h5 26. Ke3 c6 27. c4 b6 28. h4 Kc7 29. b3 g6 30. g3 Rxd1 31. Rxd1 Rd8 32. Rxd8 Kxd8 33. f3 Ke7 34. a3 Ke6 35. b4 a4 36. c5 b5 37. Kd3 f6 1/2-1/2

[Event "44th Chess Olympiad Women 2022"]
[Site "Chennai"]
[Date "2022.08.07"]
[Round "9.16"]
[White "Efroimski, Marsel"]
[Black "Yakubbaeva, Nilufar"]
[Result "1-0"]
[WhiteElo "2456"]
[BlackElo "2299"]
[Annotator "TA"]
[PlyCount "86"]
[EventDate "2022.07.29"]
[EventType "team-tourn"]
[EventCountry "IND"]
[SourceTitle "playchess.com"]
[Source "ChessBase"]
[SourceQuality "1"]
[WhiteTeam "Israel"]
[BlackTeam "Uzbekistan"]
[WhiteTeamCountry "ISR"]
[BlackTeamCountry "UZB"]

1. e4 e5 2. Nf3 Nc6 3. Bc4 Bc5 4. c3 Nf6 5. d3 d6 6. O-O h6 7. Re1 O-O 8. h3 Be6 9. Bxe6 fxe6 10. Nbd2 a5 11. Nf1 Qd7 12. d4 exd4 13. cxd4 Bb6 14. Ng3 Rf7 15. Be3 d5 16. e5 Ne4 17. Qd3 Nxg3 18. fxg3 Raf8 19. Nd2 Qe7 20. a3 Qe8 21. Kh2 Qd7 22. Nf1 Kh8 23. g4 Rf4 24. Bxf4 Rxf4 25. Ng3 Bxd4 26. Ne2 Qf7 27. Nxd4 Rxd4 28. Rf1 Rxd3 29. Rxf7 Nxe5 30. Rxc7 Rd2 31. Rxb7 Nd3 32. Rf1 Rxb2 33. Rxb2 Nxb2 34. Rf8+ Kh7 35. Re8 d4 36. Rxe6 d3 37. Rd6 Kg8 38. Kg3 Kf7 39. Kf2 Ke7 40. Rd4 Ke6 41. Ke3 Ke5 42. Rd7 g5 43. Rb7 Kd5 1-0

[Event "44th Chess Olympiad Women 2022"]
[Site "Chennai"]
[Date "2022.08.07"]
[Round "9.22"]
[White "Atalik, Ekaterina"]
[Black "Ouellet, Maili-Jade"]
[Result "1-0"]
[WhiteElo "2422"]
[BlackElo "2239"]
[Annotator "TA"]
[PlyCount "83"]
[EventDate "2022.07.29"]
[EventType "team-tourn"]
[EventCountry "IND"]
[SourceTitle "playchess.com"]
[Source "ChessBase"]
[SourceQuality "1"]
[WhiteTeam "Turkey"]
[BlackTeam "Canada"]
[WhiteTeamCountry "TUR"]
[BlackTeamCountry "CAN"]

1. c4 e6 2. e4 d5 3. exd5 exd5 4. d4 Nf6 5. Nc3 Be7 6. Bd3 dxc4 7. Bxc4 O-O 8. Nge2 Nbd7 9. O-O Nb6 10. Bb3 Nbd5 11. Nf4 Nxf4 12. Bxf4 Bf5 13. Re1 c6 14. d5 cxd5 15. Nxd5 Nxd5 16. Qxd5 Qxd5 17. Bxd5 Bf6 18. Be5 Bxe5 19. Rxe5 Bd7 20. Re7 Bc6 21. Bxc6 bxc6 22. Rc1 Rfe8 23. Rc7 Re2 24. Rb7 g6 25. g3 Rd8 26. Rxc6 Rdd2 27. Rf6 Rxb2 28. Rbxf7 Rxa2 29. Rf8+ Kg7 30. R6f7+ Kh6 31. Rh8 g5 32. Rhxh7+ Kg6 33. Rhg7+ Kh6 34. Rg8 Re5 35. Ra8 Ree2 36. Rfxa7 Rab2 37. Ra6+ Kg7 38. R8a7+ Kg8 39. Rg6+ Kf8 40. Rf6+ Kg8 41. Rf5 g4 42. Ra4 1-0

[Event "44th Chess Olympiad Women 2022"]
[Site "Chennai"]
[Date "2022.08.09"]
[Round "11.16"]
[White "Simkunaite, Gabija"]
[Black "Maklakova, Nellija"]
[Result "1-0"]
[WhiteElo "2010"]
[BlackElo "1819"]
[Annotator "TA"]
[PlyCount "57"]
[EventDate "2022.07.29"]
[EventType "team-tourn"]
[EventCountry "IND"]
[SourceTitle "playchess.com"]
[Source "ChessBase"]
[SourceQuality "1"]
[WhiteTeam "Lithuania"]
[BlackTeam "Latvia"]
[WhiteTeamCountry "LTU"]
[BlackTeamCountry "LAT"]

1. e4 e6 2. d4 d5 3. exd5 exd5 4. Nf3 Bd6 5. c4 dxc4 6. Bxc4 Qe7+ 7. Be3 Nf6 8. O-O O-O 9. Nc3 c6 10. Re1 Qc7 11. Bg5 Nbd7 12. Rc1 a6 13. Bb3 b5 14. Nd5 Nxd5 15. Bxd5 Bb7 16. Bxc6 Bxc6 17. d5 Bb4 18. Re4 Qa5 19. dxc6 Nc5 20. Rh4 Ne6 21. Qd3 h6 22. a3 Bd6 23. Bxh6 Bxh2+ 24. Nxh2 gxh6 25. Rxh6 Rfd8 26. Qh7+ Kf8 27. Rf6 Ra7 28. Rxe6 fxe6 29. Qxa7 1-0

[Event "44th Chess Olympiad Women 2022"]
[Site "Chennai"]
[Date "2022.08.09"]
[Round "11.19"]
[White "Fang, Kun"]
[Black "Bravo Mallco, Kate Azumi"]
[Result "1-0"]
[WhiteElo "1766"]
[BlackElo "1958"]
[Annotator "TA"]
[PlyCount "163"]
[EventDate "2022.07.29"]
[EventType "team-tourn"]
[EventCountry "IND"]
[SourceTitle "playchess.com"]
[Source "ChessBase"]
[SourceQuality "1"]
[WhiteTeam "SGP"]
[BlackTeam "Peru"]
[BlackTeamCountry "PER"]

1. e4 c5 2. Nf3 e6 3. d4 cxd4 4. Nxd4 Nf6 5. Bd3 Nc6 6. Be3 d5 7. Nxc6 bxc6 8. e5 Nd7 9. f4 Nc5 10. O-O Be7 11. Nd2 O-O 12. Nb3 Nd7 13. Nd4 Bc5 14. c3 Bb6 15. Rf3 Bxd4 16. cxd4 g6 17. Rh3 Qe7 18. Rc1 Bb7 19. f5 exf5 20. Bh6 Qe6 21. Bxf8 Nxf8 22. Bf1 Qe7 23. Qd2 Nd7 24. b4 f6 25. exf6 Nxf6 26. b5 Ne4 27. Qf4 Rc8 28. bxc6 Bxc6 29. Ba6 Rc7 30. Bb5 Qb4 31. Rd1 Rc8 32. Bxc6 Rxc6 33. Qe5 Qd6 34. Qe8+ Kg7 35. Rb3 Nf6 36. Rb7+ Kh6 37. Qe3+ f4 38. Qh3+ Nh5 39. Rxa7 Qf6 40. Rd7 Rc2 41. Qb3 Qf5 42. Rxd5 Qe4 43. Qf3 Qxf3 44. gxf3 Rxa2 45. Rc5 Nf6 46. d5 Nd7 47. Rc3 Kg5 48. d6 Kf6 49. Rc4 g5 50. Re4 Ra8 51. Rd5 Rd8 52. h4 h6 53. hxg5+ hxg5 54. Rb5 Nf8 55. Rd4 Ne6 56. Rdd5 Rd7 57. Kf2 Ng7 58. Ke2 Ne8 59. Rf5+ Kg6 60. Rxg5+ Kf6 61. Rbf5+ Ke6 62. Re5+ Kf7 63. Rgf5+ Nf6 64. Re7+ Rxe7+ 65. dxe7 Kxe7 66. Rxf4 Ke6 67. Ra4 Kf5 68. Kf2 Kg5 69. Rc4 Kf5 70. Rd4 Ke5 71. Ra4 Kf5 72. Kg3 Nh5+ 73. Kh4 Nf6 74. f4 Nd7 75. Kg3 Nf8 76. Kf3 Ne6 77. Ra5+ Kf6 78. Kg4 Ng7 79. Ra6+ Kf7 80. Ra7+ Kf6 81. Rxg7 Kxg7 82. Kg5 1-0

[Event "44th Chess Olympiad Women 2022"]
[Site "Chennai"]
[Date "2022.08.09"]
[Round "11.20"]
[White "Silva, Ana Ines Teixeira Da"]
[Black "Asgharzadeh, Mitra"]
[Result "0-1"]
[WhiteElo "1775"]
[BlackElo "1988"]
[Annotator "TA"]
[PlyCount "56"]
[EventDate "2022.07.29"]
[EventType "team-tourn"]
[EventCountry "IND"]
[SourceTitle "playchess.com"]
[Source "ChessBase"]
[SourceQuality "1"]
[WhiteTeam "Portugal"]
[BlackTeam "Iran"]
[WhiteTeamCountry "POR"]
[BlackTeamCountry "IRI"]

1. e4 c5 2. Nc3 Nc6 3. g3 g6 4. Bg2 Bg7 5. d3 d6 6. f4 e6 7. Be3 Nge7 8. Nf3 O-O 9. O-O Rb8 10. Qd2 b5 11. Nd1 b4 12. g4 f5 13. gxf5 exf5 14. Kh1 Kh8 15. e5 dxe5 16. Nxe5 Nxe5 17. fxe5 Qc7 18. Qf2 f4 19. Bxc5 f3 20. Bd6 fxg2+ 21. Qxg2 Bb7 22. Rf3 Rxf3 23. Kg1 Qb6+ 24. d4 Qxd4+ 25. Nf2 Rbf8 26. Bxe7 Rxf2 27. Qxb7 Rf1+ 28. Kg2 Qg4# 0-1

[Event "44th Chess Olympiad Women 2022"]
[Site "Chennai"]
[Date "2022.08.09"]
[Round "11.22"]
[White "Perez Hernandez, Vicmary C."]
[Black "Elansary, Eman"]
[Result "1-0"]
[WhiteElo "1862"]
[BlackElo "1936"]
[Annotator "TA"]
[PlyCount "61"]
[EventDate "2022.07.29"]
[EventType "team-tourn"]
[EventCountry "IND"]
[SourceTitle "playchess.com"]
[Source "ChessBase"]
[SourceQuality "1"]
[WhiteTeam "Venezuela"]
[BlackTeam "Egypt"]
[WhiteTeamCountry "VEN"]
[BlackTeamCountry "EGY"]

1. e4 Nf6 2. e5 Nd5 3. c4 Nb6 4. d4 d6 5. exd6 cxd6 6. Nc3 g6 7. Nf3 Bg4 8. h3 Bxf3 9. Qxf3 Nc6 10. Be3 Bg7 11. Rd1 O-O 12. Be2 e5 13. dxe5 Nxe5 14. Qf4 Rc8 15. c5 Nbd7 16. cxd6 Nc5 17. O-O Qa5 18. Nd5 Ne6 19. Qe4 Nc6 20. Bg4 Rcd8 21. Bxe6 fxe6 22. Qxe6+ Kh8 23. Ne7 Qe5 24. Qxe5 Nxe5 25. b3 a6 26. Bb6 Rd7 27. f4 Nf7 28. Bc7 Bb2 29. Rf2 Ba3 30. Ba5 Bc5 31. Bc3+ 1-0

[Event "44th Chess Olympiad Women 2022"]
[Site "Chennai"]
[Date "2022.08.09"]
[Round "11.23"]
[White "Diaz Charpentier, Kristel Meliss"]
[Black "Bobomurodova, Maftuna"]
[Result "1/2-1/2"]
[WhiteElo "1989"]
[BlackElo "1914"]
[Annotator "TA"]
[PlyCount "90"]
[EventDate "2022.07.29"]
[EventType "team-tourn"]
[EventCountry "IND"]
[SourceTitle "playchess.com"]
[Source "ChessBase"]
[SourceQuality "1"]
[WhiteTeam "Costa Rica"]
[BlackTeam "Uzbekistan"]
[WhiteTeamCountry "CRI"]
[BlackTeamCountry "UZB"]

1. Nf3 d5 2. c4 dxc4 3. Na3 c5 4. Nxc4 Nc6 5. g3 g6 6. b3 Bg7 7. Bb2 Nf6 8. Bg2 O-O 9. O-O Be6 10. Rc1 Rc8 11. Re1 a6 12. Ne3 Qa5 13. Ng5 Bd7 14. Bc3 Qd8 15. d3 e6 16. h4 Qe7 17. Nc4 b5 18. Nb6 Rc7 19. Nxd7 Nxd7 20. Bxg7 Kxg7 21. Qd2 Rfc8 22. Ne4 Nd4 23. e3 Nf5 24. Qb2+ Kg8 25. Red1 Nd6 26. Ng5 Nf6 27. e4 e5 28. f4 Nd7 29. Nf3 f6 30. Bh3 Nf7 31. Qe2 Qd6 32. Bxd7 Qxd7 33. fxe5 Nxe5 34. Nxe5 fxe5 35. Kg2 Qd4 36. Rf1 Rf8 37. Rxf8+ Kxf8 38. Rf1+ Rf7 39. Rxf7+ Kxf7 40. Qf2+ Kg7 41. Qxd4 cxd4 42. b4 g5 43. Kf3 Kg6 44. Kg4 h5+ 45. Kf3 g4+ 1/2-1/2

[Event "44th Chess Olympiad Women 2022"]
[Site "Chennai"]
[Date "2022.08.09"]
[Round "11.23"]
[White "Khamdamova, Afruza"]
[Black "Rodriguez Arrieta, Maria Elena"]
[Result "1-0"]
[WhiteElo "1969"]
[BlackElo "1849"]
[Annotator "TA"]
[PlyCount "147"]
[EventDate "2022.07.29"]
[EventType "team-tourn"]
[EventCountry "IND"]
[SourceTitle "playchess.com"]
[Source "ChessBase"]
[SourceQuality "1"]
[WhiteTeam "Uzbekistan"]
[BlackTeam "Costa Rica"]
[WhiteTeamCountry "UZB"]
[BlackTeamCountry "CRI"]

1. e4 e5 2. Nf3 Nc6 3. Bb5 a6 4. Ba4 Nf6 5. d3 b5 6. Bb3 Be7 7. Nc3 d6 8. a4 b4 9. Nd5 Nxd5 10. Bxd5 Bb7 11. c3 a5 12. Bd2 Rb8 13. Rc1 bxc3 14. Bxc3 Nb4 15. Bxb4 axb4 16. Bxb7 Rxb7 17. d4 exd4 18. Nxd4 Bf6 19. O-O Bxd4 20. Qxd4 O-O 21. Qd5 Qa8 22. b3 Re8 23. Rc4 Re5 24. Qc6 Re7 25. Rxb4 Ra7 26. Qxa8+ Rxa8 27. f3 Kf8 28. Rc1 Ke8 29. Rb7 Kd8 30. Kf2 Kc8 31. Rb5 Kd7 32. Ke3 Ra7 33. Kd3 Re6 34. Rf5 Re7 35. Rh5 h6 36. Ra1 Rb7 37. Kc3 Re8 38. b4 Reb8 39. b5 Ra8 40. a5 Rba7 41. a6 Rb8 42. Rd5 Rb6 43. Rad1 Ke7 44. e5 c6 45. exd6+ Kd8 46. bxc6 Rxc6+ 47. Kd4 Raxa6 48. Ke5 Ra2 49. R1d2 Rcc2 50. Rxc2 Rxc2 51. Ra5 Rxg2 52. Ra8+ Kd7 53. Ra7+ Kd8 54. Rxf7 Rxh2 55. Rxg7 Re2+ 56. Kf5 h5 57. Rh7 Rd2 58. Ke5 Re2+ 59. Kf4 Rd2 60. Rxh5 Rxd6 61. Re5 Ra6 62. Kg5 Ra3 63. f4 Rg3+ 64. Kf6 Rf3 65. f5 Rf1 66. Kg7 Rg1+ 67. Kf7 Rf1 68. Rd5+ Kc7 69. f6 Rf2 70. Ke7 Re2+ 71. Kf8 Rf2 72. f7 Rf1 73. Ke7 Re1+ 74. Kf6 1-0

[Event "44th Chess Olympiad Women 2022"]
[Site "Chennai"]
[Date "2022.08.09"]
[Round "11.24"]
[White "Gjergji, Rozana"]
[Black "Nguyen, Thien Ngan"]
[Result "1/2-1/2"]
[WhiteElo "1920"]
[BlackElo "1912"]
[Annotator "TA"]
[PlyCount "61"]
[EventDate "2022.07.29"]
[EventType "team-tourn"]
[EventCountry "IND"]
[SourceTitle "playchess.com"]
[Source "ChessBase"]
[SourceQuality "1"]
[WhiteTeam "Albania"]
[BlackTeam "Vietnam"]
[WhiteTeamCountry "ALB"]
[BlackTeamCountry "VIE"]

1. e4 e5 2. Nf3 Nc6 3. Bb5 a6 4. Ba4 Nf6 5. O-O Be7 6. Re1 b5 7. Bb3 d6 8. h3 O-O 9. c3 Nb8 10. d4 Nbd7 11. Nbd2 Bb7 12. Bc2 Re8 13. Nf1 Bf8 14. Ng3 g6 15. Bd2 Bg7 16. Qc1 exd4 17. cxd4 c5 18. d5 c4 19. Bh6 Bh8 20. Kh1 Nc5 21. Qd2 Nfd7 22. Rab1 Rc8 23. Qg5 Qxg5 24. Bxg5 Nb6 25. Be3 c3 26. Bd4 cxb2 27. Rxb2 Nc4 28. Rbb1 Bxd4 29. Nxd4 Na3 30. Rbc1 Nxc2 31. Rxc2 1/2-1/2

[Event "44th Chess Olympiad Women 2022"]
[Site "Chennai"]
[Date "2022.08.09"]
[Round "11.27"]
[White "Pachon, Adriana"]
[Black "Hamza, Amira"]
[Result "1-0"]
[WhiteElo "2007"]
[BlackElo "1848"]
[Annotator "TA"]
[PlyCount "87"]
[EventDate "2022.07.29"]
[EventType "team-tourn"]
[EventCountry "IND"]
[SourceTitle "playchess.com"]
[Source "ChessBase"]
[SourceQuality "1"]
[WhiteTeam "Colombia"]
[BlackTeam "Algeria"]
[WhiteTeamCountry "COL"]
[BlackTeamCountry "ALG"]

1. e4 e6 2. d4 d5 3. e5 c5 4. c3 Nc6 5. Nf3 Bd7 6. a3 Qb6 7. b4 cxd4 8. cxd4 Rc8 9. Bb2 Nge7 10. Nc3 Nf5 11. Na4 Qc7 12. Rc1 Qb8 13. g4 Nh6 14. h3 Be7 15. Nc5 Bxc5 16. Rxc5 O-O 17. Bd3 b6 18. Rc3 Ne7 19. Rxc8 Qxc8 20. O-O f5 21. exf6 gxf6 22. Qd2 Kg7 23. Bc1 Nhg8 24. g5 f5 25. Ne5 Ba4 26. b5 Ng6 27. Nc6 a6 28. Qe2 Bxb5 29. Bxb5 axb5 30. Qxb5 Qc7 31. Re1 Nh4 32. Rxe6 Qd7 33. Rh6 Nxh6 34. gxh6+ Kh8 35. Bf4 Ng6 36. Bg5 f4 37. Qxb6 Qf5 38. h4 Nxh4 39. Bxh4 Qg4+ 40. Kf1 Qd1+ 41. Kg2 Rg8+ 42. Bg3 f3+ 43. Kh2 Rf8 44. Ne7 1-0